All Lego Batman Video Game Vehicles - Statistics

General Stats
  • This quiz has been taken 54 times
  • The average score is 8 of 31
Answer Stats
Hint Answer % Correct
B Batmobile
95%
B Batwing
76%
B Batboat
55%
B Batcopter
45%
B Batcycle
45%
P Penguin's submarine
37%
P Penguin's submarine
37%
P Police car
37%
J Jokers Helicopter
34%
S Scarecrow's biplane
32%
B Bat-tank
26%
P Police boat
26%
P Police helicopter
26%
H Harley Quinn's Hammer truck
18%
M Mad Hatters steamboat
18%
M Mr.Freeze's iceberg
18%
P Police van
16%
R Robin's submarine
16%
J Joker's van
13%
K Killer Croc's swamp rider
13%
M Mad hatter's glider
13%
P Police Bike
13%
R Robin's watercraft
13%
B Bruce Wayne's private jet
11%
P Police watercraft
11%
R Riddler's jet
11%
H Harbor Helicopter
8%
T Two-Face armored truck
8%
G Garbage truck
5%
C Catwomen's motorcycle
3%
M Mr.Freeze Kart
3%
No matching quizzes found
Score Distribution
Percent of People with Each Score
Percentile by Number Answered
Your Score History
You have not taken this quiz